{"text_format":"3","workbook":"xlsx","n_sheets":2,"sheets":["list","data"],"read":"whole","date_system":"1900"}

{"sheet":"list","index":0,"n_rows":32,"n_cols":17,"rows_kept":32}
["№","СНИЛС","Фамлия","Имя","Отчество","Пол","Дата рождения","Участник с ОВЗ","Класс","Класс участия","Балл","Макс. Балл","Статус","Призер МЭ прошлого года","Учитель","Место работы учителя","Направление, вид практики  по технологии"]
[1,2,3,4,5,6,7,8,9,10,11,12,13,14,15,16,17]
[1,"17404946779","Ефремова","Софья","Денисовна","ж","2012-09-30","нет",5,5,11,37,"участник",null,"Шустова Лада Валерьевна","МБОУ \"Гимназия №9\""]
[2,"17127714259","Буренкова","Екатерина","Валерьевна","ж","2011-11-28","нет",5,5,12,37,"участник",null,"Шустова Лада Валерьевна","МБОУ \"Гимназия №9\""]
[3,"17268850707","Попова","Анна","Евгеньевна","ж","2012-06-29","нет",5,5,7,37,"участник",null,"Шустова Лада Валерьевна","МБОУ \"Гимназия №9\""]
[4,"18664811213","Тронин","Владислав","Дмитриевич","м","2011-11-02","нет",5,5,11,37,"участник",null,"Шустова Лада Валерьевна","МБОУ \"Гимназия №9\""]
[5,"17196835005","Киндерова","Снежана","Денисовна","ж","2012-05-04","нет",5,5,15,37,"участник",null,"Шустова Лада Валерьевна","МБОУ \"Гимназия №9\""]
[6,"17397450206","Филантьева","Дарья","Викторовна","ж","2012-10-06","нет",5,5,9,37,"участник",null,"Шустова Лада Валерьевна","МБОУ \"Гимназия №9\""]
[7,"16632675182","Мухутдинов","Андрей","Геннадьевич","м","2011-05-25","нет",6,6,10,42,"участник",null,"Шустова Лада Валерьевна","МБОУ \"Гимназия №9\""]
[8,"16616121854","Креков","Климентий","Артемович","м","2011-04-26","нет",6,6,16,42,"участник",null,"Шустова Лада Валерьевна","МБОУ \"Гимназия №9\""]
[9,"16707304060","Фёдорова","Вероника","Игоревна","ж","2011-06-18","нет",6,6,4,42,"участник",null,"Шустова Лада Валерьевна","МБОУ \"Гимназия №9\""]
[10,"16232291136","Морозов","Евгений","Романович","м","2009-12-08","нет",7,7,24,45,"призер",null,"Гурьянова Лилия Габделахатовна","МБОУ \"Гимназия №9\""]
[11,"16291912577","Полянский","Артур","Константинович","м","2010-11-02","нет",7,7,34,45,"призер",null,"Гурьянова Лилия Габделахатовна","МБОУ \"Гимназия №9\""]
[12,"15754553391","Чудин","Даниил","Вадимович","м","2009-12-20","нет",7,7,36,45,"победитель",null,"Гурьянова Лилия Габделахатовна","МБОУ \"Гимназия №9\""]
[13,"17350361148","Дмитриева","Эллина","Дмитриевна","ж","2010-07-01","нет",7,7,28,45,"призер",null,"Гурьянова Лилия Габделахатовна","МБОУ \"Гимназия №9\""]
[14,"17402579465","Салмина","Варвара","Сергеевна","ж","2010-02-26","нет",7,7,22,45,"участник",null,"Гурьянова Лилия Габделахатовна","МБОУ \"Гимназия №9\""]
[15,"18134824568","Гришина","Арина","Дмитриевна","ж","2008-11-15","нет",8,8,14,64,"участник",null,"Гурьянова Лилия Габделахатовна","МБОУ \"Гимназия №9\""]
[16,"17288484518","Загряцкий","Никита","Дмитриевич","м","2009-06-25","нет",8,8,19,64,"участник",null,"Гурьянова Лилия Габделахатовна","МБОУ \"Гимназия №9\""]
[17,"16008219530","Кожанов","Илья","Игоревич","м","2008-12-17","нет",8,8,26,64,"участник",null,"Гурьянова Лилия Габделахатовна","МБОУ \"Гимназия №9\""]
[18,"16008214722","Осипов","Даниил","Игоревич","м","2009-01-16","нет",8,8,26,64,"участник",null,"Гурьянова Лилия Габделахатовна","МБОУ \"Гимназия №9\""]
[19,"17288479828","Рожихин","Кирилл","Валерьевич","м","2010-01-20","нет",8,8,26,64,"участник",null,"Гурьянова Лилия Габделахатовна","МБОУ \"Гимназия №9\""]
[20,"16161469359","Хабибуллин","Амаль","Ильдарович","м","2009-04-05","нет",8,8,13,64,"участник",null,"Гурьянова Лилия Габделахатовна","МБОУ \"Гимназия №9\""]
[21,"16687764539","Модин","Даниил","Андреевич","м","2009-05-25","нет",8,8,33,64,"победитель",null,"Гурьянова Лилия Габделахатовна","МБОУ \"Гимназия №9\""]
[22,"15626543777","Утякаев","Рафаэль","Динарович","м","2008-12-30","нет",8,8,10,64,"участник",null,"Гурьянова Лилия Габделахатовна","МБОУ \"Гимназия №9\""]
[23,"16878837553","Кулакова","Камилла","Марселевна","ж","2009-11-26","нет",8,8,14,64,"участник",null,"Гурьянова Лилия Габделахатовна","МБОУ \"Гимназия №9\""]
[24,"15252188147","Еремеев","Платон","Алексеевич","м","2008-08-21","нет",9,9,25,56,"участник",null,"Гурьянова Лилия Габделахатовна","МБОУ \"Гимназия №9\""]
[25,"16840038869","Халимуллин","Марат","Дамирович","м","2008-07-09","нет",9,9,30,56,"победитель",null,"Гурьянова Лилия Габделахатовна","МБОУ \"Гимназия №9\""]
[26,"16082886991","Крайнов","Данил","Антонович","м","2008-11-10","нет",9,9,19,56,"участник",null,"Гурьянова Лилия Габделахатовна","МБОУ \"Гимназия №9\""]
[27,"16033025914","Насенник","Данил","Алесьевич","м","2007-08-08","нет",10,10,9,62,"участник",null,"Гурьянова Лилия Габделахатовна","МБОУ \"Гимназия №9\""]
[28,"14951971905","Абрамов","Кирилл","Андреевич","м","2005-12-14","нет",11,11,36,71,"призер",null,"Гурьянова Лилия Габделахатовна","МБОУ \"Гимназия №9\""]
[29,"16567236394","Сабанов","Глеб","Алексеевич","м","2005-12-14","нет",11,11,34,71,"участник",null,"Гурьянова Лилия Габделахатовна","МБОУ \"Гимназия №9\""]
[30,"16017336838","Назипов","Карим","Маратович","м","2006-08-04","нет",11,11,39,71,"победитель",null,"Гурьянова Лилия Габделахатовна","МБОУ \"Гимназия №9\""]

{"sheet":"data","index":1,"n_rows":25,"n_cols":3,"rows_kept":25,"hidden":true}
[]
["Техника, технология и техническое творчество .  Ручная обработка древесины"]
["Техника, технология и техническое творчество .  Ручная обработка металла"]
["Техника, технология и техническое творчество .  Механическая обработка древесины"]
["Техника, технология и техническое творчество .  Механическая обработка металла"]
["Техника, технология и техническое творчество .  Электротехника"]
["Техника, технология и техническое творчество .  Робототехника"]
["Техника, технология и техническое творчество .  3d - моделирование и печать"]
["Техника, технология и техническое творчество .  Обработка материалов на лазерно-гравировальной машине"]
["Техника, технология и техническое творчество .  Промышленный дизайн"]
["Культура дома, дизайн и технологии .  Обработка швейного изделия или узла + моделирование швейных изделий"]
["Культура дома, дизайн и технологии .  Обработка швейного изделия или узла + моделирование швейных изделий с использованием графических редакторов"]
["Культура дома, дизайн и технологии .  Обработка швейного изделия или узла на швейно-вышивальном оборудовании + моделирование швейных изделий"]
["Культура дома, дизайн и технологии .  Обработка швейного изделия или узла на швейно-вышивальном оборудовании + моделирование швейных изделий с использованием графических редакторов"]
["Культура дома, дизайн и технологии .  Робототехника"]
["Культура дома, дизайн и технологии .  3d - моделирование и печать"]
["Культура дома, дизайн и технологии .  Обработка материалов на лазерно-гравировальной машине"]
["Культура дома, дизайн и технологии .  Промышленный дизайн"]
["Роботехника .  "]
["Информационная безопасность ."]
[]
[]
["участник"]
["призер",null,"да"]
["победитель"]